| 000 | 00699nam a22002297a 4500 | ||
|---|---|---|---|
| 003 | OSt | ||
| 005 | 20171211150710.0 | ||
| 008 | 171211b xxu||||| |||| 00| 0 eng d | ||
| 020 | _a9780273720485 | ||
| 040 | _c040a | ||
| 082 |
_a658.5 _bCRO 2012 |
||
| 100 |
_aCrocker, Barry _912283 |
||
| 245 |
_aInbound logistics management : _bstorageand supply of materials for the modern supply chain / _cBarry Crocker, David Jessop, Alex Morrison |
||
| 250 | _a7th.ed. | ||
| 260 |
_aHarlow _bPearson _c2012 |
||
| 300 |
_axviii, 315p; _bill : _c20 cm. |
||
| 504 | _aIncludes index | ||
| 650 |
_aLogistics _97242 |
||
| 700 |
_aJessop, David _912284 |
||
| 700 |
_aMorrison, Alex _912285 |
||
| 942 |
_2ddc _cO_SHELF |
||
| 999 |
_c5910 _d5910 |
||